Film Titel đŸŽ„ nach Bild #2 - Statistiken

Allgemein
  • Dieses Quiz wurde 153 mal gespielt
    152 seit der letzten Aktualisierung
  • Das Durchschnittsergebnis liegt bei 7 aus 16
Antwortstatistiken
Bildquiz Antwort % Korrekt
der Joker
92%
Oben
88%
ZurĂŒck in die Zukunft
76%
La La Land
73%
Dune
71%
Encanto
50%
Avengers Endgame
48%
Hunger Games
39%
Wonka
39%
Aquaman
35%
NatĂŒrlich blond
20%
Top Gun Maverick
17%
Clueless
16%
The marvels
16%
Harry Potter und der Gefangene von Azkaban
6%
The fallout
0%
Keine ĂŒbereinstimmenden Quizze gefunden
Verteilung der Resultate
Anzahl Personen mit jedem Resultat
Perzentil nach korrekt beantworteten Fragen
Ihre Resultats-Entwicklung
Sie haben dieses Quiz seit der letzten Aktualisierung nicht gespielt